000 00766nam a22001937a 4500
005 20180803165523.0
008 131213b2013 ck ||||| |||| 00| 0 spa d
022 _a23464089
041 _aspa
044 _ack
082 0 4 _a630
_bA63a
245 0 0 _aAnuario estadístico del sector agropecuario 2012 :
_bresultados evaluaciones agropecuarias municipales
260 _aBogotá
_bMinisterio de Agricultura y Desarrollo Rural
_c2013
300 _a292 p.
_bil. (col), tablas, mapas
_c28 cm.
_eEj. 1 CD-ROM CID-059631 / Ej. 2 CID-059629
650 _aaAgricultura
_vEstadísticas
_vPublicaciones seriadas
_zColombia
_93357
651 _aColombia
_vPublicaciones seriadas
_93358
710 1 _aColombia
_bMinisterio de Agricultura y Desarrollo Rural
_96763
942 _2ddc
_cImpreso
999 _c8046
_d8046